Guess The American Brands! #20 - Statistics

General Stats
  • This quiz has been taken 31 times
  • The average score is 12 of 24
Answer Stats
Picture Hint Answer % Correct
Movie Star Wars
93%
Food Oreo
86%
Food Snickers
83%
TV Channel ESPN
79%
Video Games Activision
72%
Cigarette Zippo
72%
Car Hummer
69%
Fashion John Smith
69%
TV Channel Nick Jr
69%
Superhero Fantastic Four
62%
Drink Aquafina
59%
App Duolingo
59%
Drink Dasani
52%
App Dropbox
52%
Fashion Patagonia
52%
Store Rite Aid
45%
Superhero X Men
45%
Cigarette Winston
28%
Fashion Abercrombie & Fitch
21%
Fashion Anon
21%
Studio Lucasarts
21%
Fashion Anic
14%
Organization Padi
14%
Apparel Birdhouse
10%
No matching quizzes found
Score Distribution
Percent of People with Each Score
Percentile by Number Answered
Your Score History
You have not taken this quiz